Biblioteca

El Rey de la Selva (Registro nro. 49054)

Detalles MARC
000 -LÍDER
Campo fijo de descripción fija 003050000a22001450004500
020 ## - NÚMERO INTERNACIONAL NORMALIZADO PARA LIBROS
Número Internacional Normalizado del libro 958-30-2278-0
082 04 - NÚMERO DE CLASIFICACIÓN DECIMAL DEWEY
Número de clasificación B P1918r
001 - NÚMERO DE CONTROL
Campo de control 1901
110 1# - ASIENTO PRINCIPAL--NOMBRE CORPORATIVO
Nombre corporativo o de jurisdicción como elemento de entrada Panamericana Editores
245 10 - TÍTULO
Título del Material El Rey de la Selva
260 ## - PUBLICACIÓN, DISTRIBUCIÓN, ETC. (PIE DE IMPRENTA)
Lugar de publicación, distribución, etc. China
300 ## - DESCRIPCIÓN FÍSICA
Extensión 8 Pag
500 ## - NOTA GENERAL
Nota General Libro en tela para bebes
942 ## - TIPO DE MATERIAL (KOHA)
Tipo de Item KOHA Z- Libro General BINCO
Existencias
Estado de Material Estado de Perdido Estado de Dañado No para Préstamo Tomo Biblioteca de Origen Biblioteca Permanente Fecha de Adquisición Total de Préstamos Total de Renovaciones Signatura Topográfica Código de Barras Última vez visto Última vez Préstado Ejemplar/Existencia Fecha de Remplazo Tipo de Material Nota Pública
      Solicitado   Biblioteca Infantil Comunitaria BINCO Biblioteca Infantil Comunitaria BINCO 07/05/2009 4 1 B P1918r B32497 29/04/2024 13/03/2024 1 26/01/2016 Z- Libro General BINCO Maleta Viajera Buen Comienzo

Biblioteca FUSBC | Teléfono: (57+4) 349 88 10 Ext. 141| WhatsApp (+57) 3005338115 
E-mail: biblioteca@unisbc.edu.co | Calle 76 87-14 Robledo Palenque, Medellín, Colombia

Con tecnología Koha